00497nam a2200169Ia 450000500170000000800410001704000190005804100120007708200150008910000260010424500960013026000380022630000110026450400190027565000230029485000100031720230208140610.0131103s9999 xx 000 0 und d aLoreto College aEnglish a820.9bGRE aGreenberger, Allen J. 4aThe British image of Indiab A study in the literature of imperialism cAllen J.Greenberger aNew YorkbOxford Uni. pressc1969 a234p.  aincludes index aEnglish Literature aLCLIB